LA MUSICA EN LA SOCIEDAD EUROPEA : DESDE LOS PRIMEROS TIEMPOS CRISTIANOS /

INDICE

Gardado en:
Detalles Bibliográficos
Autor Principal: Salazar, Adolfo (autor)
Formato: Libro
Temas:
Etiquetas: Engadir etiqueta
Sen Etiquetas, Sexa o primeiro en etiquetar este rexistro!

MARC

LEADER 00000nam^a2200000^a^4500
001 000241658
005 20250521000000.0
009 20260310105224.833
035 |a 062785 
037 |a Acervo Xavier Clavigero 
082 |a 780. 9  |b SAL V. 1 
100 |a Salazar, Adolfo  |e (autor) 
245 1 3 |a LA MUSICA EN LA SOCIEDAD EUROPEA :  |b DESDE LOS PRIMEROS TIEMPOS CRISTIANOS /  |c ADOLFO SALAZAR 
264 |a MEXICO :  |b EL COLEGIO DE MEXICO,  |c 1942 
300 |a V.- 
336 |a texto  |b txt  |2 rdacontenido 
337 |a sin mediación  |b n  |2 rdamedio 
338 |a volumen  |b nc  |2 rdasoporte 
520 |a INDICE 
649 |a XX 
650 |a MUSICA -  |x EUROPA -  |x HISTORIA. 
910 |a Fondo General 
920 |a Impresos - Libros 
930 |a Colección General 
905 |a 101 
901 |a 062785  |b IT1  |c ACC  |i 062785  |u 20250521 
902 |a https://opac.biblio.iteso.mx/vufind/Record/000241658